Proceedings of natural rubber conference, Kuala Lumpur,1968. Part 1. (Record no. 22703)

MARC details
000 -LEADER
fixed length control field 00638nam a2200217Ia 4500
082 ## - DEWEY DECIMAL CLASSIFICATION NUMBER
Classification number NR:063RG`1968'
Item number RRM.1
245 #0 - TITLE STATEMENT
Title Proceedings of natural rubber conference, Kuala Lumpur,1968. Part 1.
260 ## - PUBLICATION, DISTRIBUTION, ETC. (IMPRINT)
Place of publication Malaysia
Name of publisher RRIM
Year of publication 1969
505 ## - FORMATTED CONTENTS NOTE
Formatted contents note Published as Vol 21 of Journal of RRIM
650 ## - SUBJECT ADDED ENTRY--TOPICAL TERM
Topical Term Covercrops
650 ## - SUBJECT ADDED ENTRY--TOPICAL TERM
Topical Term Hevea biochemistry
650 ## - SUBJECT ADDED ENTRY--TOPICAL TERM
Topical Term Hevea breeding
650 ## - SUBJECT ADDED ENTRY--TOPICAL TERM
Topical Term Hevea exploitation
650 ## - SUBJECT ADDED ENTRY--TOPICAL TERM
Topical Term Hevea nutrition
650 ## - SUBJECT ADDED ENTRY--TOPICAL TERM
Topical Term Latex metabolism
650 ## - SUBJECT ADDED ENTRY--TOPICAL TERM
Topical Term Latex vessel plugging
650 ## - SUBJECT ADDED ENTRY--TOPICAL TERM
Topical Term Rubber biosynthesis
650 ## - SUBJECT ADDED ENTRY--TOPICAL TERM
Topical Term Smallholders
942 ## - ADDED ENTRY ELEMENTS (KOHA)
Koha item type Books
Holdings
Withdrawn status Lost status Damaged status Not for loan Home library Current library Date acquired Full call number Accession Number Koha item type
        RRII Library RRII Library 16/12/2021 NR:063RG`1968' RRM.1 03423 Books